| 000 | 01010nam a22002657a 4500 | ||
|---|---|---|---|
| 005 | 20170123162336.0 | ||
| 010 | _aA-459528 | ||
| 020 | _c10.00 | ||
| 035 | _aA-459528 | ||
| 037 | _bCen Lib/Ret | ||
| 040 |
_aDPL _bUR |
||
| 082 |
_a921 _bک ر ش |
||
| 100 |
_aموہن لکشمن وراڈ پانڈے _9119322 |
||
| 245 |
_aشری پاد کرشن کولہتکار / _cموہن لکشمن وراڈ پانڈے ؛ مراتجام سلام بن رزاق |
||
| 246 |
_aShri Padkrishan Kolahtkar / _bby mohan Lakshamn Varad Pandey |
||
| 260 |
_aنیی دہلی _bساہتیہ اکدمی _c1991 |
||
| 270 |
_bنیی دہلی _aرویندرا بہوں ، ٣٥ فیروز شاہ مارگ _e110001 |
||
| 300 |
_a111p. _c21cm(Hb) |
||
| 650 |
_aادب -- اردو _9124216 |
||
| 650 |
_aاردو سوانے عمری _9124217 |
||
| 650 |
_aLiterature -- urdu _9124218 |
||
| 650 |
_aurdu biography _9511 |
||
| 700 |
_aسلام بن رزاق _9111018 |
||
| 942 |
_2ddc _cUR _h921 _mک ر ش |
||
| 999 |
_c108154 _d108154 |
||